00293nam a2200109Ia 4500008004100000041000800041082002800049100001600077245005500093260002700148300000800175230411s9999 xx 000 0 und d aeng aOG/610.736 8/SUN/B02266 aSunil Kumar aPrimary Health Nursing : Maternal and child health bIGNOUaNew Delhic1994 a92p